Principles of modern biology: The working plant (Record no. 32002)

MARC details
000 -LEADER
fixed length control field 01015nam a2200397Ia 4500
082 ## - DEWEY DECIMAL CLASSIFICATION NUMBER
Classification number 581.1
Item number COU
100 ## - MAIN ENTRY--AUTHOR NAME
Personal name COULT, D A
245 #0 - TITLE STATEMENT
Title Principles of modern biology: The working plant
260 ## - PUBLICATION, DISTRIBUTION, ETC. (IMPRINT)
Place of publication London
Name of publisher Longman
Year of publication 1973
650 ## - SUBJECT ADDED ENTRY--TOPICAL TERM
Topical Term Apical meristem
650 ## - SUBJECT ADDED ENTRY--TOPICAL TERM
Topical Term Development
650 ## - SUBJECT ADDED ENTRY--TOPICAL TERM
Topical Term Differentiation
650 ## - SUBJECT ADDED ENTRY--TOPICAL TERM
Topical Term Dormancy
650 ## - SUBJECT ADDED ENTRY--TOPICAL TERM
Topical Term Energy transfer
650 ## - SUBJECT ADDED ENTRY--TOPICAL TERM
Topical Term Environmental adaptation
650 ## - SUBJECT ADDED ENTRY--TOPICAL TERM
Topical Term Flowering
650 ## - SUBJECT ADDED ENTRY--TOPICAL TERM
Topical Term Growth
650 ## - SUBJECT ADDED ENTRY--TOPICAL TERM
Topical Term Herbaceous dicotyledon
650 ## - SUBJECT ADDED ENTRY--TOPICAL TERM
Topical Term Herbaceous monocotyledon
650 ## - SUBJECT ADDED ENTRY--TOPICAL TERM
Topical Term Hormonal control
650 ## - SUBJECT ADDED ENTRY--TOPICAL TERM
Topical Term Leaf fall abscission
650 ## - SUBJECT ADDED ENTRY--TOPICAL TERM
Topical Term Morphology
650 ## - SUBJECT ADDED ENTRY--TOPICAL TERM
Topical Term Osmosis turgor
650 ## - SUBJECT ADDED ENTRY--TOPICAL TERM
Topical Term Photosynthesis
650 ## - SUBJECT ADDED ENTRY--TOPICAL TERM
Topical Term Phytochrome
650 ## - SUBJECT ADDED ENTRY--TOPICAL TERM
Topical Term Plant cell
650 ## - SUBJECT ADDED ENTRY--TOPICAL TERM
Topical Term Plant life
650 ## - SUBJECT ADDED ENTRY--TOPICAL TERM
Topical Term Plant physiology
650 ## - SUBJECT ADDED ENTRY--TOPICAL TERM
Topical Term Pollen physiology
650 ## - SUBJECT ADDED ENTRY--TOPICAL TERM
Topical Term Solute
650 ## - SUBJECT ADDED ENTRY--TOPICAL TERM
Topical Term Tissue
650 ## - SUBJECT ADDED ENTRY--TOPICAL TERM
Topical Term Vernalization
650 ## - SUBJECT ADDED ENTRY--TOPICAL TERM
Topical Term Water uptake
942 ## - ADDED ENTRY ELEMENTS (KOHA)
Koha item type Books
Holdings
Withdrawn status Lost status Damaged status Not for loan Home library Current library Date acquired Full call number Accession Number Koha item type
        RRII Library RRII Library 16/12/2021 581.1 COU 12528 Books